Kinetics of catalytic reactions

Сохранить в:
Библиографические подробности
Главный автор:  Vannice, M. Albert
Формат: Sách
Язык:Undetermined
Опубликовано:  Springer  2005
Предметы:
Метки: Добавить метку
Нет меток, Требуется 1-ая метка записи!
Thư viện lưu trữ: Trung tâm Thư viện - Trường Đại học Công nghiệp TP. Hồ Chí Minh
LEADER 00498nam a2200157Ia 4500
001 UIH_06504
008 231011s9999 xx 000 0 und d
082 |a  541.395 
100 |a  Vannice, M. Albert 
245 0 |a  Kinetics of catalytic reactions 
245 0 |c  Vannice, M. Albert 
260 |b  Springer 
260 |c  2005 
650 |a  Xúc tác; Động học hóa học;  
927 |a Sách 
980 |a Trung tâm Thư viện - Trường Đại học Công nghiệp TP. Hồ Chí Minh